Statistiques concernant Capitales à la chaine

Cliquez ici pour prendre le quiz!

Statistiques générales

  • Ce quiz a été pris 339 fois
  • Le résultat moyen est 16 sur 20

Statistiques - réponses

PaysCapitale% Correct
FranceParis
100%
Corée du sudSéoul
98%
IrlandeDublin
96%
États-UnisWashington
95%
JaponTokyo
94%
AlgérieAlger
93%
TunisieTunis
93%
CanadaOttawa
92%
MarocRabat
92%
IndeNew Delhi
91%
SuèdeStockholm
90%
PakistanIslamabad
85%
ArménieErevan
78%
JordanieAmman
72%
CamerounYaoundé
71%
KazakhstanAstana
66%
AngolaLuanda
66%
NigerNiamey
59%
MauritanieNouakchott
57%
BirmanieNaypayidaw
3%

Distribution des résultats

Percentile par nombre de réponses

% des personnes avec chaque résultat

Votre développement - résultats

Vous n’avez pas pris ce quiz